| 000 | 00616nam a2200181Ia 4500 | ||
|---|---|---|---|
| 003 | GCL | ||
| 008 | 140319s9999 xx 000 0 ara d | ||
| 040 |
_aGCL / _cGCL |
||
| 082 | 0 | 4 |
_a229.3 _bع س |
| 100 | 1 | _aعبدالعزيز بن محمد السلمان | |
| 245 | 1 | 0 |
_aسلاح اليقظان لطرد الشيطان / _cعبدالعزيز بن محمد السلمان |
| 300 |
_a264 ص ؛ _c24 سم |
||
| 650 | 0 | 4 | _aفضائل القران |
| 650 | 0 | 4 | _aخواص واسرار القرأن |
| 650 | 0 | 4 | _aالشياطين والجان فى القران |
| 650 | 0 | 4 | _aالقران - ادعية |
| 942 |
_2ddc _cBK |
||
| 999 |
_c6919 _d6919 |
||